000 00356nam a2200133Ia 4500
005 20260326235502.0
008 260326s9999||||xx |||||||||||||| ||und||
100 _aGasparini, Graziano
245 0 _aArquitectura Popular de Venezuela /
_cGraziano Gasparini
260 _bErnesto Armitano
300 _a311 p.
650 _aARQUITECTURA REGIONAL
942 _cBK
999 _c8092
_d8092